|
|
|
|
| LEADER |
01696nam a2200481 4500 |
| 001 |
ocn866737236 |
| 003 |
OCoLC |
| 005 |
20170124072326.3 |
| 006 |
m o d |
| 007 |
cr cnu---unuuu |
| 008 |
131224s2014 nju ob 001 0 eng d |
| 040 |
|
|
|a YDXCP
|b eng
|e pn
|c YDXCP
|d N$T
|d DG1
|d CDX
|d OCLCQ
|d IEEEE
|d OCLCF
|d E7B
|d OCLCQ
|d DG1
|d GrThAP
|
| 020 |
|
|
|a 9781118830208
|q (electronic bk.)
|
| 020 |
|
|
|a 1118830202
|q (electronic bk.)
|
| 020 |
|
|
|a 9781118830215
|q (electronic bk.)
|
| 020 |
|
|
|a 1118830210
|q (electronic bk.)
|
| 020 |
|
|
|a 1118830180
|q (electronic bk.)
|
| 020 |
|
|
|a 9781118830185
|q (electronic bk.)
|
| 029 |
1 |
|
|a GBVCP
|b 790211491
|
| 029 |
1 |
|
|a NLGGC
|b 373029292
|
| 029 |
1 |
|
|a NZ1
|b 15495723
|
| 035 |
|
|
|a (OCoLC)866737236
|
| 050 |
|
4 |
|a QA76.76.Q35
|b S87 2014eb
|
| 072 |
|
7 |
|a COM
|x 051330
|2 bisacsh
|
| 082 |
0 |
4 |
|a 005.1/4
|2 23
|
| 049 |
|
|
|a MAIN
|
| 100 |
1 |
|
|a Suryn, Witold.
|
| 245 |
1 |
0 |
|a Software quality engineering :
|b a practioner's approach /
|c Witold Suryn.
|
| 264 |
|
1 |
|a Hoboken, N.J. :
|b John Wiley :
|c [2014]
|
| 264 |
|
1 |
|b IEEE,
|c [2014]
|
| 264 |
|
4 |
|c ©2014
|
| 300 |
|
|
|a 1 online resource
|
| 336 |
|
|
|a text
|b txt
|2 rdacontent
|
| 337 |
|
|
|a computer
|b c
|2 rdamedia
|
| 338 |
|
|
|a online resource
|b cr
|2 rdacarrier
|
| 504 |
|
|
|a Includes bibliographical references and index.
|
| 588 |
0 |
|
|a Print version record.
|
| 650 |
|
0 |
|a Computer software
|x Quality control.
|
| 650 |
|
7 |
|a COMPUTERS
|x Software Development & Engineering
|x Quality Assurance & Testing.
|2 bisacsh
|
| 650 |
|
7 |
|a Computer software
|x Quality control.
|2 fast
|0 (OCoLC)fst00872581
|
| 655 |
|
4 |
|a Electronic books.
|
| 856 |
4 |
0 |
|u https://doi.org/10.1002/9781118830208
|z Full Text via HEAL-Link
|
| 994 |
|
|
|a 92
|b DG1
|